000 00745nam a2200253Ia 4500
003 OSt
005 20220925220458.0
006 a|||||r|||| 00| 0
007 ta
008 220923b |||||||| |||| 00| 0 eng d
020 _a0333371224
037 _cGeneral Book
040 _aRTL
_cRTL
_beng
041 _2eng
_aeng
082 _aX.1(X).N8, M4
100 _aFrank Andre Gunder
245 0 _aCritique and anti-critique
_b Essays on dependence and reformism
260 _aLondon
_bMacmillan
_c1984
300 _axiii,336p
_ccm.
500 _aBibliography chapterwise
650 _aEconomic Condition Developing Countries
942 _hX.1(X).N8, M4
_cGB
_2CC
999 _c571615
_d571615